Biblioteca ESET

Juegos y actividades para la escritura creativa : | Textos, comunicación y lenguaje. (Registro nro. 1344)

Detalles MARC
000 -CABECERA
fixed length control field 00802nam a22002417a 4500
003 - CONTROL NUMBER IDENTIFIER
control field AR-BeUNQ
005 - FECHA Y HORA DE LA ULTIMA TRANSACCION
control field 20250915183952.0
008 - ELEMENTOS DE LONGITUD FIJA-INFORMACION GENERAL
fixed length control field 250915b20252010spaadocdrnf|| 001 0 spa d
020 ## - NUMERO INTERNACIONAL NORMALIZADO PARA LIBROS
Número Internacional Normalizado del libro 9789875382879
040 ## - FUENTE DE CATALOGACION
Agencia de catalogación original AR-BeUNQ
Idioma de catalogación ESPAÑOL
Agencia que realiza la transcripción AR-BeUNQ
Convenciones de la descripción aacr
082 ## - NUMERO DE CLASIFICACION DECIMAL DEWEYMBER
Número de la edición 21
Número de clasificación 371 SAN
100 10 - ASIENTO PRINCIPAL-NOMBRE PERSONAL
Nombre personal Sánchez, Maria Julieta
Títulos u otras palabras asociadas al nombre aut.
245 ## - MENCION DE TITULO
Título Juegos y actividades para la escritura creativa :
Otra información sobre el título Textos, comunicación y lenguaje.
Mención de responsabilidad, etc Maria Julieta Sánchez.
Medio físico libro
250 ## - MENCION DE EDICION
Mención de edición 1a.ed
260 ## - PUBLICACION, DISTRIBUCION, ETC.
Lugar de publicación, distribución, etc. Buenos Aires :
Nombre del editor, distribuidor, etc. Novedades Educativas,
Fecha de publicación, distribución, etc 2010
300 ## - DESCRIPCION FISICA
Extensión 160 p. ;
Dimensiones 26 x 17 cm
490 10 - MENCION DE SERIE
Mención de serie Biblioteca Docente
500 ## - NOTA GENERAL
Nota general Formación Docente
650 ## - ASIENTO SECUNDARIO DE MATERIA - TERMINO TEMATICO
Fuente del encabezamiento o términ Formacion Docente
Término temático o nombre geográfico como elemento de entrada spines
651 ## - ASIENTO SECUNDARIO DE MATERIA - NOMBRE GEOGRAFICO
Fuente del encabezamiento o término unescot
Nombre geográfico Argentina
929 ## - DATOS DE ADQUISICION
Procedencia DONACION
Proveedor campaña 2022
Orden de compra 0
Precio 0
Fecha de recibido 2022
Patrimonio UNQ PAT 0083257
Número de inventario 63533
942 ## - ELEMENTOS DE PUNTO DE ACCESO ADICIONAL (KOHA)
Tipo de ítem Koha Libros

No hay ítems disponibles.

ESET UNQ

☏ 4365-7188
 Avenida República de Francia 1714 entre Doctor Kenny y Concordia, Ezpeleta, Bs As.
✉ secretaria_eset@unq.edu.ar

Con tecnología Koha